000 00697cab a2200169 4500
001 L129785
008 050519n2005 000 0 eng u
035 _a(Sirsi) u129785
041 _aeng
100 _aHudghton, Roy
245 _aThin best laid plans
260 _c2005
490 _aJournal of the Law Society of Scotland
_v50(4) April 2005, 56-57(2)
520 _aWarns that demands from purchasers, lenders and solicitors that business valuations be carried out quickly and cheaply often prove a false economy and callers for valuers to be involved through out the negotiation process.
690 _aPROPERTY-COMMERCIAL PROPERTY-COMMERCIAL PROPERTY APPRAISAL AND VALUATION
942 _n0
999 _c75272
_d75272